| Поле | Инд. | ПП | Название | Значение |
|---|---|---|---|---|
| Тип записи | m | |||
| Библиографический уровень | m | |||
| 001 | Контрольный номер | RU/LIBMSTU/321965697 | ||
| 005 | Дата корректировки | 20160127104205.9 | ||
| 008 | Кодируемые данные | 091025|||||||||ru||||||||||||||||||rus|| | ||
| 040 | b | Код языка каталог. | rus | |
| 041 | a | Код языка текста | rus | |
| 084 | a | Индекс другой классификации/Индекс ББК | 32.97+32.81 | |
| 090 | x | Авторский знак | Л 84 | |
| 100 | 1_ | a | Автор | Луковкин С. Б. |
| 245 | 10 | a | Заглавие | Теоретические основы информатики |
| b | Продолж. заглавия | учеб. пособие по дисциплине "Информатика" для студентов техн. специальностей | ||
| c | Ответственность | Федер. агентство по рыболовству, Мурман. гос. техн. ун-т | ||
| h | Физич. носитель | Электронный ресурс | ||
| 256 | a | Характеристики компьютерного файла | Электрон. текстовые дан. (1 файл : 922 Кб) | |
| 260 | a | Место издания | Мурманск | |
| b | Издательство | Изд-во МГТУ | ||
| c | Дата издания | 2010 | ||
| 500 | a | Примечание | Доступ из локальной сети Мурман. гос. техн. ун-та | |
| 500 | 10 | a | Примечание | Загл. с экрана |
| 500 | 10 | a | Примечание | Имеется печ. аналог 2010 г. |
| 583 | x | Служебное примечание | Полнотекстовые документы | |
| z | Открытое примечание | Для студентов технических специальностей | ||
| 583 | 1_ | x | Служебное примечание | Труды преподавателей МГТУ |
| 653 | a | Ключевые слова | Алгоритмы | |
| a | Ключевые слова | Информатика | ||
| a | Ключевые слова | Кибернетика | ||
| a | Ключевые слова | Теория кодирования | ||
| a | Ключевые слова | Электронные версии | ||
| a | Ключевые слова | Энтропия | ||
| 653 | 1_ | a | Ключевые слова | Труды преподавателей МГТУ |
| 856 | u | URL | https://elib.mauniver.ru/2009/U_09_14.pdf | |
| 901 | t | Тип документа | m | |
| 952 | b | Гриф литературы для ВШ | Допущено Ученым советом МГТУ | |
| c | Вид литературы | учебное пособие |